000
00239nam a2200097Ia 4500
001
652057
005
20250826154431.0
008
250824s9999 xx 000 0 und d
245
0
_a
BALİNALAR GELDİĞİNDE
_c
MICHAEL MORPURGO
260
_b
TUDEM
999
_c
652057
_d
652057